| 000 | 00528nam a2200193Ia 4500 | ||
|---|---|---|---|
| 005 | 20250508152151.0 | ||
| 008 | 008 250505s9999 xx 000 0 hin d | ||
| 037 | _aTextual | ||
| 040 |
_aFEDL _beng _cFEDL |
||
| 041 |
_ahin _2eng |
||
| 084 |
_aFH, DAS _qFEDL |
||
| 100 |
_aDas Devesh _9211574 |
||
| 245 | 0 | _aRakt-rag | |
| 260 |
_aKashi, India _bBhartiya Gyanpeeth _c1957 |
||
| 300 | _a214p | ||
| 490 | _aGyanpeeth-lokodya-granthmala-Hindi granthank;55 | ||
| 942 |
_cTEXL _hFH, DAS |
||
| 999 |
_c1334710 _d1334710 |
||